| 000 | 01033nam a2200265 a 4500 | ||
|---|---|---|---|
| 001 | 44416 | ||
| 003 | BD-RjUL | ||
| 005 | 20211209053843.0 | ||
| 008 | 160717s2009 bg ||||| |||| 00| 0 bg d | ||
| 020 | _cTK. 350.00 | ||
| 020 | _cUSD 20.00 | ||
| 035 | _a(BD-RjUL)44534 | ||
| 040 |
_aBD-RjUL _bben _cBD-RjUL |
||
| 041 | _aben | ||
| 082 |
_223 _a891.4408 _bHAR 2009 |
||
| 100 | 1 |
_aহক, চৌধুরী জহুরুল _9136335 |
|
| 245 | 1 | 0 | _aচৌধুরী জহুরুল হক রচনাসমগ্র / |
| 260 |
_aচট্টোগ্রাম : _bকোহিনূর প্রকাশন, _c২০০৯ |
||
| 300 |
_a খণ্ড, _bচিত্র ; _c২০ সেমি। |
||
| 505 | 0 | _aখণ্ড ১-- খণ্ড ২-- খণ্ড ৩-- | |
| 650 |
_aবাংলা সাহিত্য _vরচনাসমগ্র _9136336 |
||
| 650 |
_aBengali literature _vCollected Works _9136337 |
||
| 700 |
_aইলিয়াস, ইলু ; সম্পাদক _9136338 |
||
| 942 |
_2ddc _cBK |
||
| 999 |
_c44416 _d44416 |
||